Naturalistas viajeros [dvd]

Guardado en:
Formato: Libro
Publicado: Buenos Aires : Canal Encuentro, s/f.
Materias:
Etiquetas: Agregar Etiqueta
Sin Etiquetas, Sea el primero en etiquetar este registro!
LEADER 00976nam a22002535a 4500
001 CEM.cems018061
005 20130909110916.0
008 130507b######################000#0#####d
003 CEMS
082 0 4 |a DVD574.5 
245 0 0 |a Naturalistas viajeros [dvd] 
260 |a Buenos Aires :  |b Canal Encuentro, s/f. 
300 |a 1 DVD 
500 |a Serie producida por la Fundación de Historia Félix de Azara.emitida por Canal Encuentro 
505 0 |a Los viajes explorativos de los grandes naturalistas que atravesaron la Argentina durante los siglos XVIII y XIX. Exploradores como Darwin, Hudson, Moreno o los hermanos Ameghino le dieron forma a nuestro territorio. 
653 |a Expediciones naturalistas 
653 |a Perito moreno 
653 |a Florentino ameghino 
653 |a Darwin 
653 |a Francisco moreno 
653 |a Guillermos hudson 
653 |a Antonio de viedma 
653 |a Guillermo cox 
859 |a CEMS  |b BIB. CEMS - Agricultura  |h DVD574.5  |i Ar37  |p A0043.013  |t Ej.1